00454nam a2200121Ia 4500008004100000082002200041100001700063245006800080260003700148365001100185630006800196730006800264100415s9999 xx 000 0 und d b20167a598.2(593) aROBSON CRAIG aField guide to the Birds of South East Asia: For Reference Only aUKc2000bNEW HOLLAND PUBLISHERS b1837.5 aField guide to the Birds of South East Asia: For Reference Only aField guide to the Birds of South East Asia: For Reference Only